000 00530nam a2200181Ia 4500
005 20250326142755.0
008 250326s9999 xx 000 0 und d
037 _aTextbook
040 _aFMSL
_beng
_cFMSL
041 _aeng
_2eng
084 _aX:972y7 M2 1
_qFMSL
100 _aHILGERT
_9746595
245 0 _aCases in collective bargaining and industrial relations
_cHilgert; Schoen
260 _aUSA
_bUSA, RICHARD D IRWIN
_c1982
300 _a452p
942 _cTB
_hX:972y7 M2 1
999 _c1296577
_d1296577